000 00834nam a22002055i 4500
001 170316
003 ES-MaACL
005 20250522163656.0
008 090223s1948 fr |||| | fre d
080 _a782.1
100 1 _aD'Annunzio, Gabriele,
_d1863-1938
_942351
245 1 3 _aLe martyre de Saint Sébastien /
_cmystère de Gabriele D'Annunzio ; musique de Claude Debussy ; analyses et textes destinés à accompagner les exécutions symphoniques établis par Germaine Inghelbrecht.
260 _aParis :
_bDurand & Cíe.,
_c1948.
300 _a28 p. ;
_c21 cm.
650 1 4 _aÓperas-
_vLibretos.
_9137584
700 1 _aDebussy, Claude,
_d1862-1918
_9240620
700 0 _aInghelbrecht, Germaine.
_965289
852 _aES-MaACL
_j2249-F-10
_9R.140886
_z.- Biblioteca Jacinto Martínez Lacalle
999 _c170316
_d170316